Statistics for Richest Southern Hemisphere Countries

Click here to take the quiz!

General Stats

  • This quiz has been taken 53 times
  • The average score is 10 of 12

Answer Stats

USDAnswer% Correct
$61.900Australia
98%
$50.400New Zealand
98%
$25.800Argentina
96%
$15.300South Africa
96%
$30.000Chile
94%
$22.100Brazil
91%
$27.600Uruguay
87%
$15.800Peru
79%
$14.400Paraguay
77%
$24.900Mauritius
66%
$19.200Botswana
64%
$29.500Seychelles
57%

Score Distribution

Percentile by Number Answered

Percent of People with Each Score

Your Score History

You have not taken this quiz